A vino nuevo, odres nuevos : (Record no. 181868)
[ view plain ]
| 000 -LEADER | |
|---|---|
| campo de control de longitud fija | 00776nam a2200205 i 4500 |
| 001 - NÚMERO DE CONTROL | |
| campo de control | 181868 |
| 003 - IDENTIFICADOR DE NÚMERO DE CONTROL | |
| campo de control | ES-MaACL |
| 005 - FECHA Y HORA DE LA ÚLTIMA TRANSACCIÓN | |
| campo de control | 20231021145038.0 |
| 008 - DATOS DE LONGITUD FIJA--INFORMACIÓN GENERAL | |
| campo de control de longitud fija | 130503s2011 sp | |||||||| | spa d |
| 020 ## - NÚMERO INTERNACIONAL ESTÁNDAR DEL LIBRO | |
| Número Internacional Estándar del Libro | 978-84-615-1962-0 |
| 080 ## - NÚMERO DE LA CLASIFICACIÓN DECIMAL UNIVERSAL | |
| Número de la Clasificación Decimal Universal | 226.3.07 |
| 100 1# - ENTRADA PRINCIPAL--NOMBRE DE PERSONA | |
| Nombre de persona | Manrique Campillo, Andrés. |
| 9 (RLIN) | 152673 |
| 245 10 - MENCIÓN DEL TÍTULO | |
| Título | A vino nuevo, odres nuevos : |
| Resto del título | comentarios actualizados de relatos evangélicos / |
| Mención de responsabilidad, etc. | Andrés Manrique Campillo. |
| 260 ## - PUBLICACIÓN, DISTRIBUCIÓN, ETC. | |
| Lugar de publicación, distribución, etc. | [Congosto de Valdavia, Palencia] : |
| Nombre del editor, distribuidor, etc. | A. Campillo, |
| Fecha de publicación, distribución, etc. | 2011 ( |
| Lugar de fabricación/manufactura | [Palencia] : |
| Fabricante | V. Merino) |
| 300 ## - DESCRIPCIÓN FÍSICA | |
| Extensión | XXXVI, 289 p. ; |
| Dimensiones | 22 cm. |
| 630 04 - PUNTO DE ACCESO ADICIONAL DE MATERIA--TÍTULO UNIFORME | |
| Título uniforme | Biblia. |
| Nombre de parte o sección de la obra | N.T. |
| -- | Evangelio según Marcos- |
| Subdivisión de forma | Comentarios. |
| 9 (RLIN) | 139831 |
| 852 ## - LOCALIZACIÓN | |
| Ubicación | ES-MaACL |
| Número de control de estantería | A-12685 |
| itemnumber | 188776 |
| Sublocalización o colección | R.148762 |
| Ubicación en estantería | Depósito 1 |
| Signatura antigua | Olim: N-5686 |
| 942 ## - ELEMENTOS DE ENTRADA SECUNDARIOS (KOHA) | |
| Fuente del sistema de clasificación o colocación | Clasificación decimal universal |
| Tipo de ítem Koha | Libro impreso |
| Estatus retirado | Estado de pérdida | Fuente del sistema de clasificación o colocación | Estado de daño | No para préstamo | Biblioteca de origen | Biblioteca actual | Ubicación en estantería | Fecha de adquisición | Fuente de adquisición | Total de préstamos | Signatura topográfica completa | Código de barras | Visto por última vez | Precio de reemplazo | Tipo de ítem Koha |
|---|---|---|---|---|---|---|---|---|---|---|---|---|---|---|---|
| Clasificación decimal universal | Biblioteca del Ateneo de Madrid | Biblioteca del Ateneo de Madrid | Depósito 1 | 03/05/2013 | Donación | A-12685 | 1191126 | 23/02/2023 | 23/02/2023 | Libro impreso |
